000
00293cam a22001097a 4500
008
180718b1974 xxu||||| |||| 00| 0 eng d
082
_a
T000x54 In2/69
245
_a
Fourth five year plan, India, 1969-74
260
_a
New Delhi
_b
_c
1974
300
_a
357p.
650
_a
Gujarat -- Economic policy
999
_c
494354
_d
494354